Introduction to research methods in education

Saved in:
Bibliographic Details
Main Author: PUNCH, Keith F. Oancea, Alis
Format: Book
Language:English
Published: SAGE 2014
Tags: Add Tag
No Tags, Be the first to tag this record!

MARC

LEADER 00000nam a22000007a 4500
008 201215b ||||| |||| 00| 0 eng d
020 |a 978-1-4462-6074-6 
100 |a PUNCH, Keith F.  |a Oancea, Alis 
245 |a Introduction to research methods in education  |c Keith F. Punch, Alis Oancea  |g xiv, 588p., ill 
250 |b 2ND 
260 |b SAGE  |c 2014  |h Los Angeles  |i 692048  |i 692049  |l LB1028 .P96  |m Education – Research 
500 |a “It includes bibliographical references and index”. 
942 |a lcc  |c BK  |e O.A.JOHNSON  |f 15/12/20 
952 |0 0  |1 0  |2 lcc  |4 0  |7 0  |9 567  |a HOL  |b ED  |c LP  |d 2020-12-15  |o LB1028 .P96  |p 2020-2289  |r 2020-12-15 00:00:00  |w 2020-12-15  |y BK 
952 |0 0  |1 0  |2 lcc  |4 0  |6 LB1028 P96  |7 0  |9 568  |a HOL  |b HOL  |c LP  |d 2020-12-15  |l 0  |o LB1028 .P96  |p 2020-2290  |r 2020-12-15 00:00:00  |w 2020-12-15  |y BK 
999 |c 312  |d 312